Public management/ (Record no. 744164)
[ view plain ]
| 000 -LEADER | |
|---|---|
| fixed length control field | 00607nam a2200205 b 4500 |
| 003 - CONTROL NUMBER IDENTIFIER | |
| control field | 3228 |
| 005 - DATE AND TIME OF LATEST TRANSACTION | |
| control field | 20260402101156.0 |
| 008 - FIXED-LENGTH DATA ELEMENTS--GENERAL INFORMATION | |
| fixed length control field | 230213s9999 xx 000 0 und d |
| 020 ## - INTERNATIONAL STANDARD BOOK NUMBER | |
| International Standard Book Number | <a href="9780702125409">9780702125409</a> |
| Qualifying information | (pbk) |
| 040 ## - CATALOGING SOURCE | |
| Original cataloging agency | MPL |
| Transcribing agency | 3228 |
| 942 ## - ADDED ENTRY ELEMENTS | |
| Creator ID | 561 |
| Creator Name | John Tresidder |
| Modifier ID | 367 |
| Modifier Name | Ellen Msibi |
| 100 ## - MAIN ENTRY--PERSONAL NAME | |
| Personal name | FOX, WILLIAM |
| 245 #0 - TITLE STATEMENT | |
| Title | Public management/ |
| Statement of responsibility, etc. | William Fox. |
| 260 ## - PUBLICATION, DISTRIBUTION, ETC. | |
| Place of publication, distribution, etc. | Kenwyn: |
| Name of publisher, distributor, etc. | Juta; |
| Date of publication, distribution, etc. | 1991. |
| 300 ## - PHYSICAL DESCRIPTION | |
| Extent | v, 333 pages.: |
| Other physical details | illustrations; |
| Dimensions | 25 cm. |
| 650 ## - SUBJECT ADDED ENTRY--TOPICAL TERM | |
| Form subdivision | Public administration |
| General subdivision | Public management |
| 700 ## - ADDED ENTRY--PERSONAL NAME | |
| 9 (RLIN) | 199021 |
| Personal name | Erwin Schwella. |
| -- | Henry Wissink. |
| 942 ## - ADDED ENTRY ELEMENTS | |
| Source of classification or shelving scheme | Dewey Decimal Classification |
| item type | Book |
| 942 ## - ADDED ENTRY ELEMENTS | |
| item type | Book |
| Source of classification or shelving scheme | Dewey Decimal Classification |
| Withdrawn status | Lost status | Damaged status | Not for loan | Home library | Current library | Date acquired | Total Checkouts | Full call number | Barcode | Date last seen | Price effective from | item type | Source of classification or shelving scheme | Collection code | Shelving location |
|---|---|---|---|---|---|---|---|---|---|---|---|---|---|---|---|
| Lebohang | Lebohang | 13.02.2023 | 658 FOX | 17174 | 13.02.2023 | 13.02.2023 | Books | ||||||||
| Secunda | Secunda | 02.04.2026 | 350 FOX | 33228014825150 | 02.04.2026 | 02.04.2026 | Book | Dewey Decimal Classification | 300: Social Science | Non Fiction |